| 000 | 00643nas a2200217 a 4500 | ||
|---|---|---|---|
| 001 | 000482953 | ||
| 003 | AM-YeHGA | ||
| 005 | 20250617134157.0 | ||
| 008 | 060404c19619999ag |rzp 0 0arm d | ||
| 040 | _aAM-YeHGA | ||
| 041 | 0 | _aarm | |
| 222 | 0 | _aՄարաշ | |
| 245 | 0 | 0 |
_aՄարաշ : _bՊարբերաթերթ Մարաշի հայրենակցական միության. |
| 260 |
_aԲուենոս Այրես : _bԱ.հ., _c1961-. |
||
| 300 | _aհամար | ||
| 362 | 0 | _a1961- | |
| 650 | 0 | 4 | _aԱմսագիր |
| 650 | 1 | 4 |
_aՍփյուռքահայ գաղթօջախներ _vՊարբերականներ |
| 942 |
_2udc _cCR |
||
| 090 | _c178983 | ||
| 999 |
_c177537 _d177537 |
||